|
|
|
|
| LEADER |
00000nam0a2200000 4500 |
| 001 |
373572 |
| 005 |
20231102012558.0 |
| 010 |
|
|
|b 1250 экз.
|
| 035 |
|
|
|a (RuTPU)RU\TPU\retro\31002
|
| 035 |
|
|
|a RU\TPU\book\305484
|
| 090 |
|
|
|a 373572
|
| 100 |
|
|
|a 20221216d1934 k y0rusy50 ca
|
| 101 |
0 |
|
|a rus
|
| 102 |
|
|
|a RU
|
| 105 |
|
|
|a a z 001zy
|
| 200 |
1 |
|
|a Элементы геоморфологии и геологии рыхлых отложений
|f М. А. Усов
|
| 210 |
|
|
|a Томск
|c Издание Западно-Сибирского геолого-гидро-геодезического треста
|d 1934
|
| 215 |
|
|
|a 87 с.
|c ил.
|
| 300 |
|
|
|a Настоящий краткий курс основ геоморфологии и геологии рыхлых отложений представляет собой стенографическое изложение цикла пяти двухчасовых лекций, прочитанных М. А. усовым в январе 1934 г. для научных работников Зап.-Сиб. Геолого-Гидро-Геодезического Треста в Томске
|
| 316 |
|
|
|5 63413507: ШкА/646
|a На форзац наклеен газетный портрет М. А. Усова
|
| 316 |
|
|
|5 63413507: ШкА/647
|a Пометы в тексте
|
| 316 |
|
|
|5 63413507: ШкА/646
|a На титульном листе затертая владельческая надпись: "11.10.34. Александров. г. Томск"
|
| 316 |
|
|
|5 63413507: ШкА/646
|a Пометы в тексте
|
| 320 |
|
|
|a Литература: с. 82-87
|
| 606 |
1 |
|
|a Геоморфология
|2 stltpush
|3 (RuTPU)RU\TPU\subj\6207
|9 34142
|
| 610 |
1 |
|
|a поверхности выравнивания
|
| 610 |
1 |
|
|a долины
|
| 610 |
1 |
|
|a террасы
|
| 610 |
1 |
|
|a ступени
|
| 610 |
1 |
|
|a равнины
|
| 610 |
1 |
|
|a горы
|
| 610 |
1 |
|
|a континентальные отложения
|
| 610 |
1 |
|
|a труды учёных ТПУ
|
| 610 |
1 |
|
|a владельческие надписи
|
| 610 |
1 |
|
|a владельческие знаки
|
| 610 |
1 |
|
|a Коллекция ТПУ
|
| 675 |
|
|
|a 551.4
|v 3
|
| 700 |
|
1 |
|a Усов
|b М. А.
|c российский геолог
|c профессор Томского технологического института
|f 1883-1939
|g Михаил Антонович
|2 stltpush
|3 (RuTPU)RU\TPU\pers\1941
|
| 801 |
|
1 |
|a RU
|b 63413507
|c 20150124
|
| 801 |
|
2 |
|a RU
|b 63413507
|c 20221216
|g RCR
|
| 942 |
|
|
|c BK
|